| 000 | 00385pab a2200145 454500 | ||
|---|---|---|---|
| 008 | 180718b1989 xxu||||| |||| 00| 0 eng d | ||
| 100 | _aLeavitt, Harold J. | ||
| 245 |
_aEducating our MBAs _bOn teaching what we haven't taught |
||
| 260 | _c1989 | ||
| 300 | _a38-50 | ||
| 362 | _aSpring | ||
| 650 | _aManagement - Education | ||
| 773 | _aCalifornia Management Review | ||
| 909 | _a13466 | ||
| 999 |
_c13466 _d13466 |
||